MESTSKÁ KNIŽNICA GIRALTOVCE  - online katalóg 

Slovenská dráma 1996 (Record no. 23932)

000 -NÁVESTIE
fixed length control field 01570cam a2200433 a 4500
001 - EVIDENČNÉ ČÍSLO ZÁZNAMU - Kontrolné číslo
control field vtls001289495
005 - DÁTUM A ČAS POSLEDNEJ TRANSAKCIE
control field 20250926100741.0
008 - ÚDAJE S PEVNOU DĹŽKOU – VŠEOBECNÉ INFORMÁCIE
fixed length control field 240322s1997 xo a gr 000 d slo
020 ## - MEDZINÁRODNÉ ŠTANDARDNÉ ČÍSLO KNIHY (ISBN)
Medzinárodné štandardné číslo knihy (ISBN) 8085718367
Qualifying information (brožované)
035 ## - Iný štandardný identifikátor
Iný štandardný identifikátor SNK000241117
040 ## - ZDROJ KATALOGIZÁCIE
Pôvodná katalogizujúca agentúra SNK
Jazyk katalogizácie slo
Prepisujúca agentúra SNK
Konvencie popisu AACR2
041 0# - KÓD JAZYKA
Kód jazyka textu/zvukovej stopy alebo samostatných nápisov slo
044 ## - KÓD KRAJINY VYDAVATEĽA/PRODUCENTA
Kód krajiny MARC xo
Kód krajiny ISO SK
072 #7 - KÓD PREDMETOVEJ KATEGÓRIE
Kód predmetovej kategórie 821.162.4
Pododdiel kódu predmetovej kategórie Slovenská literatúra
Zdroj konspekt
072 #7 - KÓD PREDMETOVEJ KATEGÓRIE
Kód predmetovej kategórie 821.162.4-2
Pododdiel kódu predmetovej kategórie Slovenská dráma
Zdroj konspekt
080 ## - ČÍSLO MEDZINÁRODNÉHO DESATINNÉHO TRIEDENIA (MDT)
Číslo Medzinárodného desatinného triedenia (MDT) 821.162.4-2
Identifikátor vydania 2011
080 ## - ČÍSLO MEDZINÁRODNÉHO DESATINNÉHO TRIEDENIA (MDT)
Číslo Medzinárodného desatinného triedenia (MDT) (0:82-2)
Identifikátor vydania 2011
080 ## - ČÍSLO MEDZINÁRODNÉHO DESATINNÉHO TRIEDENIA (MDT)
Číslo Medzinárodného desatinného triedenia (MDT) (082.21)
Identifikátor vydania 2011
245 00 - NÁZOV
Názov Slovenská dráma 1996
Zvyšok názvu [zborník divadelných hier]
Údaj o zodpovednosti atď. [zostavil a redakčne pripravil Andrej Maťašík]
260 ## - VYDAVATEĽSKÉ ÚDAJE, DISTRIBÚCIA ATĎ.
Miesto publikovania, distribúcie atď. Bratislava
Názov vydavateľa, distibútora atď. Tália-press
Dátum publikovania, distribúcie atď. 1997
300 ## - FYZICKÝ POPIS
Rozsah 191 s.
Rozmery 21 cm
500 ## - VŠEOBECNÁ POZNÁMKA
Formátovaná poznámka o obsahu Údaj o zostavovateľovi prevzatý z frontispice
500 ## - VŠEOBECNÁ POZNÁMKA
Formátovaná poznámka o obsahu Obsahuje 5 divadelných hier
655 #7 - INDEXAČNÝ TERMÍN – ŽÁNER/FORMA
Údaje o žánri/forme alebo termín, ktorý je prvok fazety Theatre plays
Zdroj termínu SNKPHeng
-- 2011
655 #7 - INDEXAČNÝ TERMÍN – ŽÁNER/FORMA
Údaje o žánri/forme alebo termín, ktorý je prvok fazety Selections
Zdroj termínu SNKPHeng
-- 2005
655 #7 - INDEXAČNÝ TERMÍN – ŽÁNER/FORMA
Údaje o žánri/forme alebo termín, ktorý je prvok fazety slovenské drámy
Zdroj termínu SNKPH
-- 4842
655 #7 - INDEXAČNÝ TERMÍN – ŽÁNER/FORMA
Údaje o žánri/forme alebo termín, ktorý je prvok fazety divadelné hry
Zdroj termínu SNKPH
-- 2008
655 #7 - INDEXAČNÝ TERMÍN – ŽÁNER/FORMA
Údaje o žánri/forme alebo termín, ktorý je prvok fazety výbery
Zdroj termínu SNKPH
-- 2003
655 #7 - INDEXAČNÝ TERMÍN – ŽÁNER/FORMA
Údaje o žánri/forme alebo termín, ktorý je prvok fazety Slovak drama
Zdroj termínu SNKPHeng
-- 4843
700 1# - PRIDANÝ VSTUP – OSOBNÉ MENO
Osobné meno Maťašík, Andrej,
Dátumy súvisiace s menom 1953-2017
Kód roly com
-- 4844
700 12 - PRIDANÝ VSTUP – OSOBNÉ MENO
Osobné meno Holub, Ivan,
Dátumy súvisiace s menom 1964-
Názov diela Pohreb
Kód roly aut
-- 4845
700 12 - PRIDANÝ VSTUP – OSOBNÉ MENO
Osobné meno Scherhaufer, Peter,
Dátumy súvisiace s menom 1942-1999
Názov diela Kde leží naša bieda?
Kód roly aut
-- 4846
700 12 - PRIDANÝ VSTUP – OSOBNÉ MENO
Osobné meno Čičvák, Martin,
Dátumy súvisiace s menom 1975-
Názov diela Dom, kde sa to robí dobre
Kód roly aut
-- 4847
700 12 - PRIDANÝ VSTUP – OSOBNÉ MENO
Osobné meno Oľha, Matúš,
Dátumy súvisiace s menom 1959-
Názov diela Neprebudený
Kód roly aut
-- 4848
700 12 - PRIDANÝ VSTUP – OSOBNÉ MENO
Osobné meno Kukučín, Martin,
Dátumy súvisiace s menom 1860-1928
Názov diela Neprebudený
Kód roly aut
-- 4849
958 ## - Formálny deskriptor
Formálny deskriptor EUIPO
958 ## - Formálny deskriptor
Formálny deskriptor OND
958 ## - Formálny deskriptor
Formálny deskriptor LX
Holdings
Stav stiahnutia (Blokovanie) (Withrawn status) Stav straty Zdroj klasifikácie pre skladovanie Stav poškodenia (Damaged status) Nie pre výpožičky (Not for loan) Spôsob nadobudnutia (Collection code) Trvalé umiestnenie Aktuálne umiestnenie Dátum nadobudnutia Inventárne číslo (prírastkové číslo) Full call number Čiarový kód Dátum posledného výskytu Cena s účinnosťou od Typ jednotky Koha
          Dar Mestská knižnica Giraltovce Mestská knižnica Giraltovce 2025-09-26 22288 S1586 S1586 2025-09-26 2025-09-26 Odborná literatúra pre dospelých

Powered by Koha